000 00648nam a22001937a 4500
005 20240905152326.0
010 _aENG-141662
020 _a9789354424670
_c785.00
035 _aEN-125194
037 _bDBAD
082 _a374.05
_21
100 _aSaint, Chand Kishore
_971166
245 _aFinding My Self:
_cBy Chand Kishore Saint
_bA Life in Education and Activism/
250 _a1
260 _aTelengana
_bOrient BlackSwan Private Limited
_c2017
270 _a3-6-752, HimayatNagar, Hyderabad
_bTelengana
_e500029
_mcentraloffice@orientblackswan.com
300 _a206p.
_bindex
_c22cm.(pb)
942 _2ddc
_cEN
_mSAI
_h374.05
_e1
999 _c205621
_d205621